000
00279nam a22001337a 4500
008
181101b xxu||||| |||| 00| 0 eng d
020
_a
rn4012j
041
_a
eng
080
_a
616.12
100
_a
7
101
_a
KARD
245
_a
The Basics
_c
Arikian,V.P
942
_2
udc
_c
BK
999
_c
51413
_d
51413